01076 a2200253 4500010001400000020002400014035001300038037001600051082001400067090001500081111011700096245021200213260004300425270005900468300002300527500002100550700002000571700001600591700001700607700001800624942002900642999001500671952013600686 aENG-88553 a817000442Xc1325.00 aEN-72086 bDBAD / PUB14a025.00285 c8885d8885 aNational Convention on Digital Libraries in Knowledge ManagementcKozhikode (Calicut), Kerala, Indiad 2005n7th1 aDigital libraries in knowledge management:cby M.G. Sreekumar ... [et. al]bproceedings of the 7th MANLIBNET annual national convention held at Indian Institute of Management, Kozhikode during May 5-7, 2005/ aNew DelhibEss Ess Publicationsc2006 a4837/24, Ansari Road, Darya Ganj,bNew Delhie110 002 a597p.c22cm ( Hb.) aIncludes index aSreekumar, M.G. aSunitha, T. aSreejaya, P. aPathak, Ashok adplcENk025.00285 / NAT c8724d8724 00102ddc40718NFICaDBADbDBADeDBAD/PUBg1325.00l0o025.00285pEN-72086r2008-09-15 00:00:00t1u9667v1325.00w2008-09-15yEN